[Event "DEM U14 2011"]
[Site "Oberhof GER"]
[Date "2011.06.15"]
[Round "6"]
[White "Yankelevich, Lev"]
[Black "Lerch, Philipp"]
[Result "1/2-1/2"]
[Termination "normal"]
[Board "3"]
[WhiteElo "2032"]
[BlackElo "2021"]
[PlyCount "70"]
[WhiteFideId "24684074"]
[BlackFideId "4654129"]
[EventCountry "GER"]
[EventRounds "9"]
[EventType "swiss"]
[EventDate "2011.06.11"]

1. d4 Nf6 2. Nc3 d5 3. Bg5 Bf5 4. Nf3 c6 5. e3 Nbd7 6. Bd3 Bg6 7. Qe2 e6 8. a3
Be7 9. O-O Bh5 10. Qd1 e5 11. dxe5 Nxe5 12. Be2 Nxf3+ 13. Bxf3 Bxf3 14. Qxf3
O-O 15. Ne2 Ne4 16. Bxe7 Qxe7 17. Rfd1 Rad8 18. Ng3 f5 19. Rac1 b5 20. c3 a5
21. Ne2 a4 22. Nd4 Rf6 23. g3 Qd7 24. Ne2 Nd6 25. Rc2 Nc4 26. Nc1 Qe7 27. Nd3
Ne5 28. Nxe5 Qxe5 29. Rcd2 Qe4 30. Kg2 g5 31. Rd4 Qxf3+ 32. Kxf3 Re8 33. h4 g4+
34. Ke2 Rfe6 35. Rb1 Ra8 1/2-1/2

[Event "DEM U14 2011"]
[Site "Oberhof GER"]
[Date "2011.06.15"]
[Round "6"]
[White "Peil, Christoph"]
[Black "Keller, Peter"]
[Result "1-0"]
[Termination "normal"]
[Board "4"]
[WhiteElo "1902"]
[BlackElo "1874"]
[PlyCount "49"]
[WhiteFideId "24651800"]
[BlackFideId "1272105"]
[EventCountry "GER"]
[EventRounds "9"]
[EventType "swiss"]
[EventDate "2011.06.11"]

1. c4 c6 2. e4 d5 3. exd5 cxd5 4. d4 Nf6 5. Nc3 Nc6 6. Bg5 dxc4 7. d5 Ne5 8.
Qd4 Nd3+ 9. Bxd3 cxd3 10. Qxd3 Bg4 11. Nf3 h6 12. Bh4 g5 13. Bg3 Bg7 14. O-O
O-O 15. Ne5 Bh5 16. Rfe1 Rc8 17. h4 Nd7 18. Qe3 gxh4 19. Nxd7 Qxd7 20. Bxh4
Bxc3 21. bxc3 Qxd5 22. Bxe7 Rfe8 23. Qxh6 Qf5 24. Bf6 Qg6 25. Qh8# 1-0

[Event "DEM U14 2011"]
[Site "Oberhof GER"]
[Date "2011.06.15"]
[Round "6"]
[White "Töws, Manuel"]
[Black "Kvetny, Mark"]
[Result "0-1"]
[Termination "normal"]
[Board "5"]
[WhiteElo "1938"]
[BlackElo "2071"]
[PlyCount "56"]
[WhiteFideId "24654485"]
[BlackFideId "24603929"]
[EventCountry "GER"]
[EventRounds "9"]
[EventType "swiss"]
[EventDate "2011.06.11"]

1. e4 c5 2. Nf3 d6 3. d4 cxd4 4. Nxd4 Nf6 5. Nc3 a6 6. a4 e5 7. Nf3 Be7 8. Bg5
Nbd7 9. Bc4 h6 10. Bh4 g5 11. Bg3 Nc5 12. Nd2 Be6 13. Qe2 Qc7 14. Bxe6 fxe6 15.
h4 O-O-O 16. O-O-O Qc6 17. a5 Kb8 18. Kb1 Rc8 19. hxg5 hxg5 20. Rxh8 Rxh8 21.
b4 Rc8 22. bxc5 Qxc5 23. Na2 Qxc2+ 24. Ka1 Nxe4 25. Qxe4 Qxd1+ 26. Nb1 Rc5 27.
Kb2 Rb5+ 28. Ka1 Qb3 0-1

[Event "DEM U14 2011"]
[Site "Oberhof GER"]
[Date "2011.06.15"]
[Round "6"]
[White "Kreyssig, Robert"]
[Black "Grigorian, Spartak"]
[Result "0-1"]
[Termination "normal"]
[Board "6"]
[WhiteElo "1859"]
[BlackElo "1971"]
[PlyCount "98"]
[WhiteFideId "4662881"]
[BlackFideId "24661490"]
[EventCountry "GER"]
[EventRounds "9"]
[EventType "swiss"]
[EventDate "2011.06.11"]

1. d4 Nf6 2. c4 e6 3. Nf3 b6 4. a3 Bb7 5. Nc3 Be7 6. d5 d6 7. e4 e5 8. Bd3 O-O
9. h3 a5 10. Be3 Nbd7 11. O-O Nh5 12. b4 Nf4 13. Bc2 Ba6 14. Nd2 Bg5 15. Re1
Qf6 16. Ne2 Rfe8 17. Kh2 Qh6 18. Ng3 g6 19. Bb3 Nf6 20. Kg1 Re7 21. Nf3 Rae8
22. Qd2 Bc8 23. Nxg5 Qxg5 24. Kh2 h5 25. f3 h4 26. Nh1 N6h5 27. Bc2 Rf8 28.
bxa5 bxa5 29. Rab1 Ba6 30. c5 Rd7 31. cxd6 Rxd6 32. Bc5 Ng3 33. Nxg3 Qxg3+ 34.
Kh1 Bc8 35. Bxd6 Bxh3 36. Re2 cxd6 37. gxh3 Qxf3+ 38. Rg2 Rc8 39. Rb3 Qxg2+ 40.
Qxg2 Nxg2 41. Kxg2 Rxc2+ 42. Kf3 a4 43. Rb6 Rc3+ 44. Kg4 Rxa3 45. Rxd6 Re3 46.
Kxh4 Rxe4+ 47. Kg5 Kg7 48. h4 a3 49. h5 f6+ 0-1

[Event "DEM U14 2011"]
[Site "Oberhof GER"]
[Date "2011.06.15"]
[Round "6"]
[White "Siegert, Gregor"]
[Black "Krause, Benedict"]
[Result "1-0"]
[Termination "normal"]
[Board "8"]
[WhiteElo "1618"]
[BlackElo "1824"]
[PlyCount "109"]
[WhiteFideId "1271250"]
[BlackFideId "12917990"]
[EventCountry "GER"]
[EventRounds "9"]
[EventType "swiss"]
[EventDate "2011.06.11"]

1. e4 c5 2. Nf3 e6 3. d4 cxd4 4. Nxd4 Nc6 5. Nxc6 bxc6 6. Bd3 Nf6 7. O-O d5 8.
e5 Nd7 9. f4 Be7 10. Nc3 f5 11. Rf3 Nc5 12. Rg3 Nxd3 13. cxd3 O-O 14. d4 c5 15.
Be3 c4 16. Rh3 g6 17. Bf2 Rb8 18. Rb1 Qa5 19. Bh4 Bxh4 20. Rxh4 Bd7 21. Rh3 Rb4
22. Qe1 Qb6 23. Qf2 Rf7 24. Rg3 Be8 25. h4 Rb7 26. Nd1 a5 27. h5 c3 28. Rxc3
Qxd4 29. Qxd4 Rxd4 30. Rc8 Kf7 31. hxg6+ hxg6 32. g3 Rd2 33. Rbc1 Bd7 34. R8c2
Rxc2 35. Rxc2 Rb6 36. Kf2 Rc6 37. Rxc6 Bxc6 38. Ke3 Ke7 39. Kd4 a4 40. Kc5 Bd7
41. a3 Be8 42. Nc3 Kd8 43. Kb4 Kc7 44. Nxa4 Bxa4 45. Kxa4 Kc6 46. Kb4 Kb6 47.
a4 Ka6 48. a5 Ka7 49. Kc5 Kb7 50. Kb5 Ka7 51. b4 Kb7 52. Ka4 Kc6 53. b5+ Kc5
54. b6 Kc6 55. Kb4 1-0

[Event "DEM U14 2011"]
[Site "Oberhof GER"]
[Date "2011.06.15"]
[Round "6"]
[White "Kramer, Julian"]
[Black "Richter, Leonard"]
[Result "0-1"]
[Termination "normal"]
[Board "9"]
[WhiteElo "1946"]
[BlackElo "1856"]
[PlyCount "75"]
[WhiteFideId "12921742"]
[BlackFideId "12900290"]
[EventCountry "GER"]
[EventRounds "9"]
[EventType "swiss"]
[EventDate "2011.06.11"]

1. e4 c6 2. d4 d5 3. Nc3 dxe4 4. Nxe4 Nd7 5. Ng5 Ngf6 6. Bd3 g6 7. N1f3 Bg7 8.
Qe2 O-O 9. Bd2 h6 10. Ne4 Nxe4 11. Qxe4 e5 12. Nxe5 Nxe5 13. dxe5 Bxe5 14.
O-O-O Qf6 15. c3 Bf5 16. Qe3 Bxd3 17. Qxd3 Rad8 18. Qf3 Qxf3 19. gxf3 Kg7 20.
f4 Bc7 21. h4 Rd5 22. Be3 Rfd8 23. c4 Rxd1+ 24. Rxd1 Rxd1+ 25. Kxd1 a6 26. f5
Bd8 27. fxg6 Kxg6 28. Ke2 Bxh4 29. Kf3 Bg5 30. Bd4 Bf6 31. Be3 Bxb2 32. Kg4 Bf6
33. Bb6 Bg5 34. f4 h5+ 35. Kg3 Be7 36. Bc7 Kf5 37. a4 Ke4 38. Be5 0-1

[Event "DEM U14 2011"]
[Site "Oberhof GER"]
[Date "2011.06.15"]
[Round "6"]
[White "Berkov, Mikhail"]
[Black "Ott, Florian"]
[Result "1/2-1/2"]
[Termination "normal"]
[Board "10"]
[WhiteElo "1782"]
[BlackElo "1863"]
[PlyCount "57"]
[WhiteFideId "24678783"]
[BlackFideId "12900281"]
[EventCountry "GER"]
[EventRounds "9"]
[EventType "swiss"]
[EventDate "2011.06.11"]

1. d4 d6 2. Nf3 g6 3. c4 Bg7 4. e4 Nd7 5. Nc3 e5 6. d5 Ne7 7. Be2 O-O 8. Bg5 h6
9. Be3 f5 10. Qc1 f4 11. Bd2 g5 12. h3 Ng6 13. Nh2 Nf6 14. b4 Rf7 15. Qd1 Nh4
16. Rg1 Bf8 17. Ng4 Nxg4 18. Bxg4 Bxg4 19. Qxg4 f3 20. g3 Ng2+ 21. Kd1 Bg7 22.
Kc2 c6 23. h4 gxh4 24. Bxh6 Qb6 25. c5 dxc5 26. Bxg7 Rxg7 27. Qe6+ Kh7 28. Qf5+
Kg8 29. Qe6+ 1/2-1/2

[Event "DEM U14 2011"]
[Site "Oberhof GER"]
[Date "2011.06.15"]
[Round "6"]
[White "Glatzel, Jonas"]
[Black "Meyers, Mark"]
[Result "0-1"]
[Termination "normal"]
[Board "11"]
[WhiteElo "1863"]
[BlackElo "1820"]
[PlyCount "66"]
[WhiteFideId "12937800"]
[BlackFideId "12927716"]
[EventCountry "GER"]
[EventRounds "9"]
[EventType "swiss"]
[EventDate "2011.06.11"]

1. e4 c5 2. c3 d5 3. exd5 Qxd5 4. d4 Nf6 5. Nf3 e6 6. Na3 Nc6 7. Bd3 Be7 8. O-O
O-O 9. Nc2 b6 10. Be3 cxd4 11. Ncxd4 Bb7 12. Qe2 Ne5 13. Rfd1 Nxd3 14. Qxd3
Rfd8 15. Qf1 Qh5 16. Bf4 Bc5 17. Bg3 Rd5 18. a4 a6 19. Rd3 e5 20. Nb3 Rxd3 21.
Nxc5 bxc5 22. Qxd3 e4 23. Qd6 exf3 24. Qc7 Qd5 25. c4 Qc6 26. Qf4 Qe4 27. Qc7
Re8 28. h3 fxg2 29. Kh2 Qc6 30. Qf4 Nh5 31. Qg5 Nxg3 32. Qxg3 Qf3 33. Re1 Qxg3+
0-1

[Event "DEM U14 2011"]
[Site "Oberhof GER"]
[Date "2011.06.15"]
[Round "6"]
[White "Myagkov, Kirill"]
[Black "Xiong, Ferdinand"]
[Result "1-0"]
[Termination "normal"]
[Board "12"]
[WhiteElo "1833"]
[BlackElo "1926"]
[PlyCount "73"]
[WhiteFideId "24657042"]
[BlackFideId "24654132"]
[EventCountry "GER"]
[EventRounds "9"]
[EventType "swiss"]
[EventDate "2011.06.11"]

1. e4 c5 2. Nc3 g6 3. g3 Bg7 4. Bg2 Nc6 5. d3 e6 6. Be3 d6 7. Qd2 Nge7 8. Bh6
Bf6 9. h4 Nd4 10. Nf3 Nec6 11. Nd1 Bd7 12. c3 Nxf3+ 13. Bxf3 Ne5 14. Be2 b5 15.
f4 Nc6 16. Ne3 Qb6 17. Ng4 Be7 18. Bg7 Rg8 19. Nf6+ Bxf6 20. Bxf6 b4 21. h5
bxc3 22. bxc3 Rb8 23. hxg6 hxg6 24. Kf2 e5 25. Rh7 c4+ 26. d4 exd4 27. cxd4 Qb4
28. Qxb4 Rxb4 29. d5 Ne7 30. a3 Ra4 31. Rb1 Bc8 32. Rb8 Rf8 33. e5 Kd7 34. e6+
Kc7 35. Bxe7 c3 36. Rb3 Rc4 37. Bxc4 1-0

[Event "DEM U14 2011"]
[Site "Oberhof GER"]
[Date "2011.06.15"]
[Round "6"]
[White "Wachinger, David"]
[Black "Zimmermann, Christian"]
[Result "0-1"]
[Termination "normal"]
[Board "13"]
[WhiteElo "1690"]
[BlackElo "1848"]
[PlyCount "62"]
[WhiteFideId "24692689"]
[BlackFideId "24692069"]
[EventCountry "GER"]
[EventRounds "9"]
[EventType "swiss"]
[EventDate "2011.06.11"]

1. d4 Nf6 2. c4 c5 3. d5 b5 4. e3 bxc4 5. Nf3 g6 6. Nc3 d6 7. Nd2 Nbd7 8. Nxc4
Nb6 9. e4 Nxc4 10. Bxc4 Bg7 11. O-O O-O 12. Qc2 Nd7 13. Be2 Ne5 14. f4 Ng4 15.
h3 Bd4+ 16. Kh1 Nf2+ 17. Kh2 e5 18. Nb5 Qh4 19. Nxd4 cxd4 20. Bf3 Ng4+ 21. Bxg4
Bxg4 22. fxe5 dxe5 23. Qd3 Bd7 24. Bd2 Rab8 25. Qa3 Qxe4 26. Rad1 Qxd5 27. Bh6
Rfe8 28. Qxa7 Rxb2 29. Rg1 Rxa2 30. Qb6 Qe6 31. Qb4 Qxh3# 0-1

[Event "DEM U14 2011"]
[Site "Oberhof GER"]
[Date "2011.06.16"]
[Round "7"]
[White "Tennert, Simon"]
[Black "Schröder, Jan-Christian"]
[Result "1/2-1/2"]
[Termination "normal"]
[Board "1"]
[WhiteElo "2061"]
[BlackElo "2151"]
[PlyCount "172"]
[WhiteFideId "1270445"]
[BlackFideId "24662259"]
[EventCountry "GER"]
[EventRounds "9"]
[EventType "swiss"]
[EventDate "2011.06.11"]

1. e4 e5 2. Nf3 Nc6 3. Bb5 a6 4. Ba4 Nf6 5. O-O Be7 6. Re1 b5 7. Bb3 d6 8. c3
O-O 9. d4 Bg4 10. d5 Na5 11. Bc2 c6 12. h3 Bc8 13. dxc6 Qc7 14. Nbd2 Qxc6 15.
Nf1 Nc4 16. a4 Be6 17. Ng5 Bd7 18. b3 Na5 19. Bd2 Qc7 20. axb5 axb5 21. Ne3 h6
22. Nf3 Be6 23. Nh4 Nb7 24. Rxa8 Rxa8 25. Nhf5 Nc5 26. Nd5 Nxd5 27. exd5 Bxf5
28. Bxf5 g6 29. Bc2 Bg5 30. Bxg5 hxg5 31. Qg4 Ra2 32. Rc1 Qe7 33. b4 Nd7 34.
Bd3 Nb6 35. Bxb5 Qb7 36. Bc6 Qa7 37. c4 Qa3 38. Qxg5 Qxb4 39. Qf6 Qb2 40. Re1
Nxc4 41. h4 Ra1 42. Rxa1 Qxa1+ 43. Kh2 Qd1 44. g3 e4 45. Qf4 e3 46. Be8 Qxd5
47. fxe3 Qd2+ 48. Kh3 Ne5 49. h5 Qd1 50. g4 gxh5 51. gxh5 Qxh5+ 52. Kg3 Qg6+
53. Kh2 Qh5+ 54. Kg3 Qh1 55. Bb5 Qg1+ 56. Kh3 Kf8 57. Qh6+ Ke7 58. Qh4+ Ke6 59.
Qh6+ f6 60. Qf4 Qh1+ 61. Kg3 Qe1+ 62. Kh3 d5 63. Ba4 Qe2 64. Bb3 Qh5+ 65. Kg3
Qg6+ 66. Kh3 Qd3 67. Ba4 Qc4 68. Kg3 Qc3 69. Bb5 Qe1+ 70. Kh3 Qh1+ 71. Kg3 Qh5
72. Ba6 Qg6+ 73. Kh3 Qc2 74. Kg3 Qc6 75. Be2 Qc2 76. Ba6 Qg6+ 77. Kh3 Qh5+ 78.
Kg3 Qe8 79. Be2 Qg8+ 80. Kh3 Qh7+ 81. Kg3 Qg6+ 82. Kh3 f5 83. Ba6 Qg4+ 84. Qxg4
fxg4+ 85. Kg3 Kf5 86. Bc8+ Ke4 1/2-1/2

[Event "DEM U14 2011"]
[Site "Oberhof GER"]
[Date "2011.06.16"]
[Round "7"]
[White "Kvetny, Mark"]
[Black "Lampert, Jonas"]
[Result "1/2-1/2"]
[Termination "normal"]
[Board "2"]
[WhiteElo "2071"]
[BlackElo "2165"]
[PlyCount "83"]
[WhiteFideId "24603929"]
[BlackFideId "1303759"]
[EventCountry "GER"]
[EventRounds "9"]
[EventType "swiss"]
[EventDate "2011.06.11"]

1. d4 Nf6 2. c4 g6 3. Nc3 Bg7 4. e4 d6 5. Be2 O-O 6. Nf3 e5 7. O-O Nc6 8. d5
Ne7 9. Ne1 Nd7 10. Nd3 f5 11. Bd2 fxe4 12. Nxe4 Nf5 13. Bc3 Nf6 14. Bf3 Nd4 15.
Bxd4 exd4 16. Nxf6+ Qxf6 17. Bg4 Bf5 18. Qf3 Rae8 19. Bxf5 Qxf5 20. Qxf5 Rxf5
21. Rae1 Kf8 22. Rxe8+ Kxe8 23. Re1+ Kd7 24. f4 Rf8 25. g4 a5 26. Kg2 Rb8 27.
Re6 b6 28. Kf3 a4 29. f5 gxf5 30. gxf5 c5 31. f6 Bf8 32. Ke4 b5 33. cxb5 Rxb5
34. f7 c4 35. Re8 cxd3 36. Kxd3 Rxb2 37. Rxf8 Ke7 38. Rh8 Kxf7 39. Rxh7+ Ke8
40. Kxd4 Rxa2 41. Kc3 a3 42. Ra7 1/2-1/2

[Event "DEM U14 2011"]
[Site "Oberhof GER"]
[Date "2011.06.16"]
[Round "7"]
[White "Lerch, Philipp"]
[Black "Peil, Christoph"]
[Result "1-0"]
[Termination "normal"]
[Board "4"]
[WhiteElo "2021"]
[BlackElo "1902"]
[PlyCount "90"]
[WhiteFideId "4654129"]
[BlackFideId "24651800"]
[EventCountry "GER"]
[EventRounds "9"]
[EventType "swiss"]
[EventDate "2011.06.11"]

1. e4 d6 2. d4 Nf6 3. Nc3 g6 4. f4 Bg7 5. Nf3 c5 6. dxc5 Qa5 7. Qd4 O-O 8. Bd2
Nc6 9. Qc4 Be6 10. Qb5 Qxb5 11. Bxb5 dxc5 12. Ng5 Nd4 13. Nxe6 fxe6 14. e5 Nd5
15. Bd3 Nxf4 16. Be4 Bxe5 17. O-O-O Rad8 18. Rde1 b6 19. g3 Nh3 20. Nd1 Nf2 21.
Nxf2 Rxf2 22. Be3 Rf6 23. Bg5 Rf7 24. c3 Nf5 25. Bc2 Bf6 26. Bd2 Ng7 27. Bb3
Rff8 28. h4 h5 29. Bf4 Kf7 30. Bc4 Rd7 31. Re2 Rfd8 32. Rhe1 Rb7 33. a4 Rbd7
34. Kc2 Ra8 35. a5 Rc8 36. Ra1 Rcd8 37. Bb5 Rd5 38. Bc6 b5 39. Bxb5 e5 40. Be3
Ne6 41. Bc4 R5d7 42. Bxc5 Rc8 43. b4 Rdc7 44. Re4 Rd8 45. Rf1 Ke8 1-0

[Event "DEM U14 2011"]
[Site "Oberhof GER"]
[Date "2011.06.16"]
[Round "7"]
[White "Keller, Peter"]
[Black "Siegert, Gregor"]
[Result "0-1"]
[Termination "normal"]
[Board "6"]
[WhiteElo "1874"]
[BlackElo "1618"]
[PlyCount "24"]
[WhiteFideId "1272105"]
[BlackFideId "1271250"]
[EventCountry "GER"]
[EventRounds "9"]
[EventType "swiss"]
[EventDate "2011.06.11"]

1. e4 c5 2. Nf3 e6 3. d4 cxd4 4. Nxd4 Nf6 5. Nc3 Bb4 6. e5 Nd5 7. Qg4 Nxc3 8.
Qxg7 Rf8 9. bxc3 Bxc3+ 10. Kd1 Bxd4 11. Ba3 d6 12. Bxd6 Qxd6 0-1

[Event "DEM U14 2011"]
[Site "Oberhof GER"]
[Date "2011.06.16"]
[Round "7"]
[White "Richter, Leonard"]
[Black "Töws, Manuel"]
[Result "0-1"]
[Termination "normal"]
[Board "7"]
[WhiteElo "1856"]
[BlackElo "1938"]
[PlyCount "86"]
[WhiteFideId "12900290"]
[BlackFideId "24654485"]
[EventCountry "GER"]
[EventRounds "9"]
[EventType "swiss"]
[EventDate "2011.06.11"]

1. e4 c5 2. d4 cxd4 3. c3 dxc3 4. Nxc3 Nc6 5. Nf3 e6 6. Bc4 a6 7. O-O Nge7 8.
Bg5 f6 9. Be3 Ng6 10. Nd4 Nxd4 11. Bxd4 b5 12. Bb3 Bd6 13. Kh1 Qe7 14. Qh5 O-O
15. Nd5 Qf7 16. f4 f5 17. Rf3 fxe4 18. Rh3 h6 19. Rg3 Kh7 20. Rf1 Ne5 21. Qxf7
Rxf7 22. Nb6 Rb8 23. Rc1 Nc6 24. Bxe6 dxe6 25. Rxc6 Bxf4 26. Nxc8 Rd7 27. Bg1
Bxg3 28. hxg3 Rd1 29. Kh2 Re1 30. Ne7 Rd8 31. g4 Rdd1 32. Bf2 Re2 33. Bg1 Rdd2
34. Rxe6 Rxg2+ 35. Kh1 Rge2 36. g5 hxg5 37. Re5 Re1 38. Rxg5 g6 39. Rxg6 e3 40.
Rg3 Rdd1 41. Ng8 Rxg1+ 42. Rxg1 e2 43. Nf6+ Kh8 0-1

[Event "DEM U14 2011"]
[Site "Oberhof GER"]
[Date "2011.06.16"]
[Round "7"]
[White "Meyers, Mark"]
[Black "Kreyssig, Robert"]
[Result "1/2-1/2"]
[Termination "normal"]
[Board "8"]
[WhiteElo "1820"]
[BlackElo "1859"]
[PlyCount "101"]
[WhiteFideId "12927716"]
[BlackFideId "4662881"]
[EventCountry "GER"]
[EventRounds "9"]
[EventType "swiss"]
[EventDate "2011.06.11"]

1. c4 Nf6 2. g3 c6 3. Nf3 d5 4. Bg2 Bf5 5. b3 e6 6. Bb2 Be7 7. O-O h6 8. cxd5
cxd5 9. Nc3 O-O 10. Rc1 Nc6 11. d4 Rc8 12. Na4 Ne4 13. Nd2 Nxd2 14. Qxd2 Bg5
15. e3 Be7 16. a3 b6 17. b4 Qd7 18. Nc3 a5 19. b5 Na7 20. Qe2 Bg6 21. Rfd1 Rc4
22. Bf1 Rfc8 23. f3 Bxa3 24. Qd2 Bxb2 25. Qxb2 R4c7 26. Na4 Rxc1 27. Rxc1 Rxc1
28. Qxc1 Qd6 29. Qc3 f6 30. Kf2 Be8 31. Qb3 Kf7 32. Bd3 Qb4 33. Qc2 Qd6 34. Qb3
Ke7 35. Ke2 Kd8 36. Kd2 Kc7 37. Kc2 Qb4 38. Qxb4 axb4 39. Kb3 Bxb5 40. Bxb5
Nxb5 41. Kxb4 Nd6 42. Nc3 Kc6 43. e4 Nc4 44. exd5+ exd5 45. Ne2 Nd2 46. f4 Nf3
47. h3 Nd2 48. f5 Nf3 49. g4 b5 50. Kc3 Kd6 51. Kb4 1/2-1/2

[Event "DEM U14 2011"]
[Site "Oberhof GER"]
[Date "2011.06.16"]
[Round "7"]
[White "Bonk, Andras"]
[Black "Berkov, Mikhail"]
[Result "1-0"]
[Termination "normal"]
[Board "9"]
[WhiteElo "1930"]
[BlackElo "1782"]
[PlyCount "59"]
[WhiteFideId "24692123"]
[BlackFideId "24678783"]
[EventCountry "GER"]
[EventRounds "9"]
[EventType "swiss"]
[EventDate "2011.06.11"]

1. e4 c5 2. Nf3 e6 3. d4 cxd4 4. Nxd4 a6 5. Nc3 b5 6. Bd3 Qb6 7. Nf3 Nc6 8. O-O
Bb7 9. a4 b4 10. Be3 Qc7 11. Ne2 Nf6 12. c3 Be7 13. Rc1 Qa5 14. Nd2 Ne5 15. Bb1
Bc6 16. Bc2 d5 17. Nd4 Bb7 18. N2b3 Qc7 19. cxb4 Neg4 20. g3 h5 21. exd5 Bxd5
22. Nxe6 Qb7 23. Nbc5 Bxc5 24. Nxc5 Qxb4 25. Qd4 Qb6 26. a5 Qxa5 27. Bd2 Qc7
28. Ba4+ Bc6 29. Bf4 Qc8 30. Qd6 1-0

[Event "DEM U14 2011"]
[Site "Oberhof GER"]
[Date "2011.06.16"]
[Round "7"]
[White "Ott, Florian"]
[Black "Kramer, Julian"]
[Result "1-0"]
[Termination "normal"]
[Board "10"]
[WhiteElo "1863"]
[BlackElo "1946"]
[PlyCount "79"]
[WhiteFideId "12900281"]
[BlackFideId "12921742"]
[EventCountry "GER"]
[EventRounds "9"]
[EventType "swiss"]
[EventDate "2011.06.11"]

1. d4 d5 2. c4 c6 3. Nc3 Nf6 4. Nf3 e6 5. cxd5 exd5 6. Bg5 Be7 7. e3 h6 8. Bh4
Bf5 9. Bd3 Bxd3 10. Qxd3 O-O 11. O-O Nbd7 12. Rab1 b5 13. Rfc1 Rc8 14. Rc2 Ne4
15. Bxe7 Qxe7 16. Rbc1 Nb6 17. Ne5 Nc4 18. Nxc4 bxc4 19. Qe2 f5 20. b3 Nd6 21.
Qf3 Qe6 22. Ne2 g5 23. Nc3 $11 23... f4 24. bxc4 Nxc4 25. e4 Nb6 26. h3 Rfe8
27. exd5 $11 27... cxd5 28. Kh2 Rc4 29. Re2 Qd7 30. Nxd5 Rxe2 31. Nf6+ Kf7 32.
Nxd7 Rxc1 33. Qxe2 Nxd7 34. d5 Nf8 35. d6 Ne6 36. d7 Rc7 37. Qxe6+ Kxe6 38.
d8=Q Rc2 39. Qh8 Kf7 40. Qh7+ 1-0

[Event "DEM U14 2011"]
[Site "Oberhof GER"]
[Date "2011.06.16"]
[Round "7"]
[White "Zimmermann, Christian"]
[Black "Myagkov, Kirill"]
[Result "1-0"]
[Termination "normal"]
[Board "11"]
[WhiteElo "1848"]
[BlackElo "1833"]
[PlyCount "39"]
[WhiteFideId "24692069"]
[BlackFideId "24657042"]
[EventCountry "GER"]
[EventRounds "9"]
[EventType "swiss"]
[EventDate "2011.06.11"]

1. e4 e6 2. d4 d5 3. Nc3 b6 4. e5 c5 5. Be3 Nc6 6. Bb5 Bd7 7. Nge2 a6 8. Bxc6
Bxc6 9. O-O Nh6 10. Bxh6 gxh6 11. f4 Qh4 12. Kh1 Rg8 13. Rf3 O-O-O 14. f5 exf5
15. Qd3 c4 16. Qxf5+ Rd7 17. e6 fxe6 18. Qxe6 Rg6 19. Rxf8+ Kb7 20. Qe8 1-0

[Event "DEM U14 2011"]
[Site "Oberhof GER"]
[Date "2011.06.16"]
[Round "7"]
[White "Krause, Benedict"]
[Black "Glatzel, Jonas"]
[Result "1-0"]
[Termination "normal"]
[Board "12"]
[WhiteElo "1824"]
[BlackElo "1863"]
[PlyCount "103"]
[WhiteFideId "12917990"]
[BlackFideId "12937800"]
[EventCountry "GER"]
[EventRounds "9"]
[EventType "swiss"]
[EventDate "2011.06.11"]

1. e4 c5 2. Nc3 Nc6 3. g3 g6 4. d3 Bg7 5. Be3 d6 6. Bg2 e6 7. f4 b6 8. Nf3 Nge7
9. O-O O-O 10. d4 Ba6 11. Re1 Rc8 12. a4 d5 13. exd5 exd5 14. Nb5 Nf5 15. c3
Re8 16. Ne5 c4 17. Qf3 Bxe5 18. fxe5 Nxe3 19. Rxe3 Qg5 20. Nd6 Re7 21. Nxc8
Bxc8 22. Rf1 Be6 23. Qf2 Qh6 24. Rf3 Qg7 25. Rf6 Nb8 26. Qc2 Rc7 27. b3 Nd7 28.
R6f3 Qf8 29. bxc4 Rxc4 30. Rxf7 Bxf7 31. e6 Ne5 32. exf7+ Nxf7 33. Bxd5 Rc7 34.
Bxf7+ Rxf7 35. Qb3 a6 36. Rxf7 Qxf7 37. Qxf7+ Kxf7 38. Kf2 Ke6 39. c4 Kf5 40.
Kf3 h5 41. h4 g5 42. hxg5 Kxg5 43. Ke4 Kg4 44. d5 Kxg3 45. d6 h4 46. d7 h3 47.
d8=Q h2 48. Qg5+ Kf2 49. Qh4+ Kg2 50. Qg4+ Kf2 51. Qh3 Kg1 52. Qg3+ 1-0

[Event "DEM U14 2011"]
[Site "Oberhof GER"]
[Date "2011.06.16"]
[Round "7"]
[White "Klesen, Jonas"]
[Black "Wachinger, David"]
[Result "1/2-1/2"]
[Termination "normal"]
[Board "14"]
[WhiteElo "1233"]
[BlackElo "1690"]
[PlyCount "84"]
[BlackFideId "24692689"]
[EventCountry "GER"]
[EventRounds "9"]
[EventType "swiss"]
[EventDate "2011.06.11"]

1. e4 c6 2. d4 d5 3. Nc3 dxe4 4. Nxe4 Bf5 5. Ng3 Bg6 6. h4 h6 7. Nf3 Nd7 8. h5
Bh7 9. Bd3 Bxd3 10. Qxd3 Ngf6 11. Bd2 Qc7 12. O-O-O e6 13. Qe2 O-O-O 14. Ne5
Nxe5 15. dxe5 Nd5 16. c4 Nb6 17. Ba5 Be7 18. f4 f6 19. Bxb6 axb6 20. Qg4 f5 21.
Qg6 Kb8 22. Qxe6 Bb4 23. Qxf5 Rhf8 24. Qe4 Rxd1+ 25. Rxd1 25... Qf7 $11 26. f5
Qe7 27. Qf4 Qc7 28. Ne4 Ka7 29. g4 Qf7 30. Nd6 Qe7 31. e6 Rd8 32. Nf7 Rxd1+ 33.
Kxd1 Qh4 34. Qe4 Qf2 35. Qe2 Qd4+ 36. Kc2 36... Be7 $11 37. Nh8 Bf6 38. Kc1
Qg1+ 39. Qd1 Qe3+ 40. Qd2 Qg1+ 41. Qd1 Qe3+ 42. Kc2 42... Qe5 $11 1/2-1/2

[Event "DEM U14 2011"]
[Site "Oberhof GER"]
[Date "2011.06.17"]
[Round "8"]
[White "Schröder, Jan-Christian"]
[Black "Lerch, Philipp"]
[Result "1/2-1/2"]
[Termination "normal"]
[Board "1"]
[WhiteElo "2151"]
[BlackElo "2021"]
[PlyCount "116"]
[WhiteFideId "24662259"]
[BlackFideId "4654129"]
[EventCountry "GER"]
[EventRounds "9"]
[EventType "swiss"]
[EventDate "2011.06.11"]

1. e4 c5 2. Nf3 Nc6 3. d4 cxd4 4. Nxd4 Nf6 5. Nc3 e5 6. Ndb5 d6 7. Bg5 a6 8.
Na3 b5 9. Nd5 Be7 10. Bxf6 Bxf6 11. c4 b4 12. Nc2 O-O 13. Be2 a5 14. O-O Bg5
15. Qd3 Be6 16. Rfd1 Bxd5 17. cxd5 Nb8 18. Ne3 Bxe3 19. Qxe3 Nd7 20. Rac1 Nc5
21. Rxc5 dxc5 22. d6 Qb6 23. d7 Rfd8 24. Rd5 Qc6 25. Bg4 Ra7 26. Rxc5 Raxd7 27.
Bxd7 Qxd7 28. Rd5 Qc7 29. h3 Rc8 30. Kh2 f6 31. Qb3 Kh8 32. Qd3 Rg8 33. b3 Qa7
34. Qe3 Qxe3 35. fxe3 Ra8 36. Rd7 Kg8 37. Kg3 Ra6 38. Kf3 Kf8 39. h4 h5 40. Rc7
a4 41. Rb7 axb3 42. axb3 Ra2 43. Rxb4 Kf7 44. Rb7+ Kg6 45. b4 Rb2 46. b5 Kh7
47. b6 Kg6 48. Rb8 Kh7 49. b7 g6 50. Rf8 Rxb7 51. Rxf6 Kg7 52. Ra6 Rb1 53. Ra2
Rh1 54. g3 Rf1+ 55. Rf2 Rxf2+ 56. Kxf2 Kf6 57. Ke2 Ke6 58. Kd2 Kd6 1/2-1/2